Revisioning Phenomenology : (Record no. 594376)

MARC details
000 -LEADER
fixed length control field 00508nam a2200193 a 4500
008 - FIXED-LENGTH DATA ELEMENTS--GENERAL INFORMATION
fixed length control field 251027s1994##################000#0#eng##
020 ## - INTERNATIONAL STANDARD BOOK NUMBER
ISBN 0887375979
082 04 - DEWEY DECIMAL CLASSIFICATION NUMBER
Classification number 610.7307
Item number MUN
100 1# - MAIN ENTRY--AUTHOR NAME
Personal name Munhall, Patricia L.,
245 10 - TITLE STATEMENT
Title Revisioning Phenomenology :
260 ## - PUBLICATION, DISTRIBUTION, ETC. (IMPRINT)
Name of publisher Jones & Bartlett Learning,
Year of publication 1994.
300 ## - PHYSICAL DESCRIPTION
Number of Pages 350 pages
650 #0 - SUBJECT ADDED ENTRY--TOPICAL TERM
Topical Term Medical.
942 ## - ADDED ENTRY ELEMENTS (KOHA)
Koha item type English Books
Holdings
Withdrawn status Lost status Damaged status Not for loan Home library Current library Shelving location Date acquired Full call number Accession Number Price effective from Koha item type
        Anna Centenary Library Anna Centenary Library 5TH FLOOR, B WING 27.10.2025 610.7307 MUN 400359 27.10.2025 English Books

Find us on the map